| 000 | 00920 a2200265 4500 | ||
|---|---|---|---|
| 003 | OSt | ||
| 005 | 20180116192339.0 | ||
| 008 | 120524t xxu||||| |||| 00| 0 eng d | ||
| 020 | _a0858811391 (paperback) | ||
| 020 | _a9780858811393 (paperback) | ||
| 040 | _c0 | ||
| 082 | _a363.7 | ||
| 100 | 1 |
_aAberley, Doug. _91885 |
|
| 245 | 1 | 0 |
_aFutures by design / _cDoug Aberley. |
| 260 |
_aUSA : _bEnvirobook Publishing, _c1994. |
||
| 300 | _a1 v. (unpaged) | ||
| 650 | 0 |
_aHuman ecology _91886 |
|
| 650 | 0 |
_aEnvironmental policy _91887 |
|
| 650 | 0 |
_aLand use _xEnvironmental aspects _91888 |
|
| 650 | 0 |
_aSustainable development _z North America _91889 |
|
| 650 | 0 |
_aLand use _xPlanning _xEnvironmental aspects _91890 |
|
| 856 | 4 | 0 |
_3Amazon.com _uhttp://www.amazon.com/exec/obidos/ASIN/0858811391/chopaconline-20 |
| 942 |
_aSADA _cCDS _kCD 363.7 ABE 1994 _2ddc |
||
| 999 |
_c352607 _d352607 |
||